Quels pays utilisent des Boeing ? - Statistiques

Statistiques générales
  • Ce quiz a été pris 51 fois
  • Le résultat moyen est 37 sur 87
Statistiques - réponses
Continent Nombre d'appareils Pays % Correct
Europe 71 France
88%
Afrique 48 Maroc
76%
Afrique 31 Algérie
74%
Amérique 86 Canada
74%
Afrique 39 Egypte
74%
Europe 32 Allemagne
71%
Europe/Asie 47 Russie
71%
Europe 92 Royaume-Uni
69%
Asie 202 Chine
67%
Afrique 39 Ethiopie
67%
Afrique 7 Tunisie
67%
Océanie 109 Australie
64%
Europe/Asie 130 Turquie
64%
Asie 49 Inde
62%
Amérique 106 Mexique
62%
Amérique 44 Argentine
60%
Asie 132 Japon
60%
Europe 12 Suisse
60%
Asie 198 Emirats Arabes Unis
57%
Océanie 29 Nouvelle-Zélande
57%
Amérique 5 Pérou
57%
Asie 60 Arabie Saoudite
55%
Amérique 59 Chili
55%
Asie 24 Indonésie
52%
Europe 28 Pologne
52%
Asie 94 Qatar
52%
Asie 31 Thaïlande
52%
Europe 94 Pays-Bas
50%
Europe 12 Roumanie
50%
Europe 31 Ukraine
50%
Europe 9 Autriche
48%
Amérique 20 Colombie
48%
Asie 97 Corée-du-Sud
45%
Afrique 23 Kenya
45%
Amérique 21 Bolivie
43%
Asie 17 Irak
43%
Asie 42 Israël
43%
Asie 10 Pakistan
43%
Asie 15 Vietnam
43%
Afrique 13 Angola
40%
Europe/Asie 5 Azerbaïdjan
40%
Asie 16 Iran
40%
Asie 3 Kazakhstan
40%
Asie 73 Singapour
40%
Afrique 1 Tanzanie
40%
Europe 33 Islande
38%
Asie 40 Oman
38%
Asie 14 Ouzbékistan
38%
Europe 2 Géorgie
36%
Asie 7 Jordanie
36%
Asie 42 Malaisie
36%
Asie 5 Mongolie
36%
Asie 9 Philippines
36%
Asie 14 Bangladesh
33%
Afrique 3 Cameroun
33%
Océanie 6 Fidji
33%
Amérique 1 Jamaïque
33%
Afrique 1 Madagascar
33%
Amérique 88 Panama
33%
Océanie 3 Papouasie-Nouvelle-Guinée
33%
Europe 8 Biélorussie
31%
Asie 4 Birmanie
31%
Asie 10 Koweït
31%
Afrique 5 Mauritanie
31%
Océanie 4 Nauru
31%
Asie 1 Tadjikistan
31%
Océanie 1 Vanuatu
31%
Asie 3 Afghanistan
29%
Amérique 5 Bahamas
29%
Asie 5 Bruneï
29%
Europe 10 Luxembourg
29%
Afrique 2 Mozambique
29%
Océanie 1 Salomon
29%
Asie 15 Turkménistan
29%
Afrique 4 Zimbabwe
29%
Afrique 6 Rwanda
26%
Amérique 1 Surinam
26%
Asie 22 Taïwan
26%
Asie 6 Bahreïn
24%
Afrique 1 Erythrée
24%
Océanie 1 Samoa
24%
Afrique 1 Zambie
24%
Afrique 2 Djibouti
21%
Afrique 4 Guinée équatoriale
17%
Afrique 1 Sao Tomé et Principe
17%
Amérique 10 Trinité-et-Tobago
17%
Afrique 2 Cap vert
12%
Aucun quiz correspondant
Distribution des résultats
% des personnes avec chaque résultat
Percentile par nombre de réponses
Votre historique - résultats
Vous n’avez pas pris ce quiz